First Names of Historical Figures #2 - Statistics

General Stats
  • This quiz has been taken 40,855 times
  • The average score is 16 of 30
Answer Stats
First Name Last Name % Correct
Benjamin Franklin
95%
Pablo Picasso
95%
Marie Curie
91%
Nikola Tesla
77%
Florence Nightingale
75%
Harry Houdini
74%
Coco Chanel
72%
Johann Bach
69%
Davy Crockett
65%
Vasco da Gama
65%
Louis Pasteur
63%
Charles Lindbergh
62%
Rudyard Kipling
60%
Alexandre Dumas
58%
Eva Perón
55%
Thomas Aquinas
55%
Walter Raleigh
52%
Amerigo Vespucci
49%
Douglas MacArthur
42%
Pierre Curie
42%
Horatio Nelson
41%
Annie Oakley
37%
Miguel de Cervantes
36%
Juan Perón
29%
Marcel Proust
26%
Maximilien Robespierre
25%
Mustafa Atatürk
25%
William Bligh
22%
Leonhard Euler
14%
Denis Diderot
12%
No matching quizzes found
Score Distribution
Percent of People with Each Score
Percentile by Number Answered
Your Score History
You have not taken this quiz